000 00754nam a2200229Ia 4500
003 GCL
008 140319s9999 xx 000 0 ara d
040 _aGCL /
_cGCL
082 0 4 _a882
_bم ن
100 1 _aمحمد حمدى ابراهيم
245 1 0 _aنظرية الدراما الاغريقية /
_cمحمد حمدى ابراهيم
260 _a[S.N] :
_bالشركة المصرية العالمية للنشر _ لونجمان ،
_c1994
300 _a262 ص
490 _aادبيات
_v0
650 0 4 _aالنقد
650 0 4 _aالفنون المسرحية
650 0 4 _aالمسرح اليونانى
650 0 4 _aالملهاة
650 0 4 _aالمسرحيات اليونانية
650 0 4 _aتاريخ ونقد
942 _2ddc
_cBK
999 _c37426
_d37426